[Event "USA op"]
[Site "USA"]
[Date "1990.??.??"]
[Round "56"]
[White "Dzindzichashvili, Roman"]
[Black "Gallagher, Joseph G"]
[Result "1-0"]
[WhiteElo "2545"]
[BlackElo "2470"]

1.d4 Nf6 2.c4 e6 3.Nf3 c5 4.g3 cxd4 5.Nxd4 Nc6 6.Bg2 d5 7.O-O Be7 8.cxd5 exd5
9.Nc3 O-O 10.Be3 Be6 11.Rc1 Qd7 12.Re1 Rac8 13.Nxc6 bxc6 14.Na4 Bb4 15.Nc5 Qe7
16.Rf1 Rfe8 17.Qa4 Bxc5 18.Bxc5 Qd7 19.Qxa7 Rc7 20.Qa6 Bh3 21.f3 Bxg2 22.Kxg2 Rb7
23.Bd4 Re6 24.Qd3 Nh5 25.e3 Rh6 26.g4 Rg6 27.Kh1 Nf6 28.Qf5 Qe8 29.Rc2 h5
30.gxh5 Rh6 31.Rg1 Nxh5 32.Rcg2 g6 33.Rc1 Re7 34.Qg5 Kh7 35.b4 Re6 36.b5 f6
37.Qg4 f5 38.Qg5 f4 39.Rxc6 Rxc6 40.bxc6 fxe3 41.Qe5 Qxe5 42.Bxe5 g5 43.Rc2 Nf4
44.Bxf4 gxf4 45.c7 e2 46.Rxe2 Rc6 47.Re7+ Kg6 48.Re6+  1-0

[Event "National op"]
[Site "Chicago"]
[Date "1991.??.??"]
[Round "6"]
[White "Dzindzichashvili, Roman"]
[Black "Gurevich, Dmitry"]
[Result "0-1"]
[WhiteElo "2555"]
[BlackElo "2460"]

1.c4 c5 2.g3 Nf6 3.Bg2 g6 4.Nc3 Nc6 5.e3 Bg7 6.Nge2 O-O 7.d4 cxd4 8.exd4 e6
9.O-O d5 10.cxd5 Nxd5 11.Nxd5 exd5 12.Be3 Qb6 13.Qd2 Be6 14.Rfd1 Rac8 15.h3 Rfd8
16.Rac1 Na5 17.b3 Nc6 18.Bh6 Nxd4 19.Rxc8 Nxe2+ 20.Qxe2 Rxc8 21.Bxg7 Kxg7
22.Bxd5 Bxh3 23.Qf3 Bf5 24.Bxb7 Rc2 25.Bd5 Rxa2 26.Rc1 Rd2 27.Qc3+ Qd4 28.Qxd4+ Rxd4
29.Rc5 Rd1+ 30.Kh2 Rd2 31.Kg1 Rc2 32.Ra5 Rc7 33.Kg2 h5 34.b4 Bd3 35.b5 Kf6
36.Bc6 Ke7 37.Ra3 Bc4 38.Ra4 Be6 39.Kf3 Kd6 40.Ke4 Kc5 41.Ke5 Bc4 42.Ra5 Bxb5
43.Bxb5 Kb6  0-1

[Event "USA-op Los Angeles"]
[Site "Los Angeles"]
[Date "1991.??.??"]
[Round "?"]
[White "Browne, Walter S"]
[Black "Dzindzichashvili, Roman"]
[Result "0-1"]
[WhiteElo "2525"]
[BlackElo "2555"]

1.d4 Nf6 2.c4 d6 3.Nc3 e5 4.d5 Bf5 5.g3 Ne4 6.Nxe4 Bxe4 7.f3 Bg6 8.e4 f5
9.Bd3 Qf6 10.h4 h6 11.h5 Bh7 12.Qc2 fxe4 13.Bxe4 Bxe4 14.Qxe4 Nd7 15.Be3 Be7
16.Ne2 O-O 17.O-O Qf7 18.g4 Bg5 19.Bxg5 hxg5 20.Qe3 Qe7 21.Rae1 a5 22.Nd4 Nc5
23.Nf5 Rxf5 24.gxf5 Rf8 25.Re2 Rxf5 26.Rg2 Qf6 27.Rff2 Kh7 28.Rg4 Kh6 29.Qe2 b6
30.Rfg2 Nd7 31.Qe3 Nf8 32.R2g3 Nh7 33.a3 a4 34.c5 bxc5 35.Rxa4 Rf4 36.Ra7 Qf5
37.Rxc7 Qb1+ 38.Kh2 Nf6 39.Rc6  0-1

[Event "USA-op Los Angeles"]
[Site "Los Angeles"]
[Date "1991.??.??"]
[Round "?"]
[White "Alburt, Lev O"]
[Black "Dzindzichashvili, Roman"]
[Result "1/2-1/2"]
[WhiteElo "2535"]
[BlackElo "2555"]

1.d4 d6 2.c4 e5 3.Nf3 Nd7 4.Nc3 Ngf6 5.Bg5 h6 6.Bxf6 Qxf6 7.e3 g6 8.Be2 Bg7
9.O-O O-O 10.b4 Qd8 11.Qb3 a5 12.a3 b6 13.Rfd1 Bb7 14.Rac1 axb4 15.axb4 Re8
16.d5 e4 17.Nd4 Bxd4 18.Rxd4 Nf6 19.Rd2 Qe7 20.Nb5 Ra6 21.Ra2 Rxa2 22.Qxa2 Bc8
23.Qa7 Bg4 24.Bf1 Rc8 25.c5 bxc5 26.bxc5 Nxd5 27.Qb7 c6 28.Qxe7 Nxe7 29.Nxd6 Rb8
30.Bc4 Nd5 31.Nxe4 Be6 32.Bxd5 Bxd5 33.Nf6+ Kg7 34.Nxd5 cxd5 35.g4 Kf6 36.Kg2 Ke6
37.Kf3 Kd7 38.Ra1 Rb3 39.c6+ Kd6 40.Rc1 Kc7 41.Kg3 Rb4 42.Ra1 Kd6 43.Ra7 Ke6
44.Ra8 Rc4 45.Rc8 Kd6 46.Rh8 Rxc6 47.Rxh6 d4 48.exd4 Rc4 49.h4 Ke7 50.h5 gxh5
51.gxh5 Rxd4 52.f4 Kf8 53.Ra6 Kg7 54.Kg4 Rd1 55.h6+ Kh7 56.f5 Rg1+ 57.Kh5 Rg2
58.Ra7 Rh2+ 59.Kg5 Rxh6 60.Rxf7+ Kg8 61.Re7 Ra6 62.Re6 Ra7  1/2-1/2

[Event "USA-op Los Angeles"]
[Site "Los Angeles"]
[Date "1991.??.??"]
[Round "?"]
[White "Dzindzichashvili, Roman"]
[Black "Root, Douglas"]
[Result "1-0"]
[WhiteElo "2555"]
[BlackElo "2460"]

1.d4 e6 2.c4 b6 3.Nf3 Bb7 4.g3 Bb4+ 5.Bd2 c5 6.Bg2 Bxd2+ 7.Qxd2 cxd4 8.O-O Nf6
9.Qxd4 Nc6 10.Qf4 Qb8 11.Qh4 d5 12.Nc3 dxc4 13.Qxc4 O-O 14.Rfd1 Rd8 15.Rxd8+ Qxd8
16.e4 Rc8 17.Qe2 Qe7 18.e5 Nd7 19.Rd1 Nc5 20.Nd4 Nxd4 21.Rxd4 Bxg2 22.Kxg2 Rd8
23.Qd2 Rxd4 24.Qxd4 Qd7 25.Qxd7 Nxd7 26.f4 g5 27.Kf3 gxf4 28.Kxf4 Nc5 29.Ke3 Kg7
30.Ne4 Nd7 31.Kf4 h5 32.b4 Kg6 33.b5 Kg7 34.h3 Kg6 35.a3 Kg7 36.Nd6 Nc5 37.Nc8 Na4
38.Nxa7 Nc3 39.Kg5 Nb1 40.a4 Nc3 41.a5 bxa5 42.b6 Ne4+ 43.Kxh5 Nc5 44.Kg5 a4
45.Nb5 Ne4+ 46.Kf4 Nc5 47.g4 f6 48.exf6+ Kxf6 49.g5+ Kg6 50.Kg4 Nd7 51.b7 Ne5+
52.Kf4 Nd7 53.h4 Kh5 54.Na3 e5+ 55.Ke3 Kg6 56.Nc4 Kf5 57.Nb6 a3 58.Nxd7  1-0

[Event "New York m blitz"]
[Site "New York"]
[Date "1991.??.??"]
[Round "?"]
[White "Dzindzichashvili, Roman"]
[Black "Tal, Mihail"]
[Result "1-0"]
[WhiteElo "2555"]
[BlackElo "2565"]

1.d4 Nf6 2.Nf3 g6 3.c4 Bg7 4.Nc3 O-O 5.Bf4 c5 6.e3 d6 7.h3 cxd4 8.exd4 Nc6
9.d5 Nh5 10.Be3 Ne5 11.Be2 Nxf3+ 12.Bxf3 Nf6 13.O-O e6 14.dxe6 Bxe6 15.b3 d5
16.cxd5 Nxd5 17.Nxd5 Bxd5 18.Qxd5  1-0

[Event "New York m blitz"]
[Site "New York"]
[Date "1991.??.??"]
[Round "?"]
[White "Dzindzichashvili, Roman"]
[Black "Tal, Mihail"]
[Result "1/2-1/2"]
[WhiteElo "2555"]
[BlackElo "2565"]

1.d4 Nf6 2.c4 g6 3.Nc3 Bg7 4.Nf3 O-O 5.Bf4 c5 6.e3 cxd4 7.exd4 d5 8.Be5 dxc4
9.Bxc4 Nc6 10.O-O Bg4 11.h3 Bxf3 12.Qxf3 Nxd4 13.Qxb7 Rc8 14.b3 Nc6 15.Rad1 Qb6
16.Qxb6 axb6 17.Bxf6 exf6 18.Nd5 Rb8 19.Bb5 Na7 20.a4 Rfd8 21.Rd3 Kf8 22.Rfd1 Rd6
23.Ne3 Rxd3 24.Rxd3 f5 25.Nc4 Bf6 26.Rd6 Bd8 27.Rd7 Nxb5 28.axb5 Be7 29.g3 Ke8
30.Ra7 Bc5 31.Ne5 Rd8 32.Nc6 Rd1+ 33.Kg2 Kf8 34.b4 Bd6 35.Rd7 Rd5 36.Ne7 Rd2
37.Nc8 Bxb4 38.Rxd2 Bxd2 39.Nxb6 Ke7 40.Nc4 Bc3 41.Kf3 Ke6 42.Ke3 Bb4 43.Kd4 Be1
44.Ke3 Bb4 45.f3 Kd5 46.Kd3 Kc5 47.Ne5 Kxb5 48.Nxf7 Be1 49.g4 fxg4 50.fxg4 h5
51.g5 Bh4 52.Ke4 Kc5 53.Kf4 Kd5 54.Nh8 Be1 55.Nxg6 Ke6 56.Ke4 Bd2 57.h4 Be1
58.Nf4+ Kf7 59.Ng2 Bc3 60.Kf3 Kg6 61.Nf4+ Kf5 62.Nxh5 Be1 63.Ng3+ Kg6 64.Kg4 Kg7
65.h5 Bd2 66.Ne4 Bc1 67.Kf5 Be3 68.h6+ Kh7 69.Nf6+ Kh8 70.Kg6 Bxg5  1/2-1/2

[Event "New York m blitz"]
[Site "New York"]
[Date "1991.??.??"]
[Round "?"]
[White "Tal, Mihail"]
[Black "Dzindzichashvili, Roman"]
[Result "1/2-1/2"]
[WhiteElo "2565"]
[BlackElo "2555"]

1.c4 e5 2.g3 Nf6 3.Bg2 c6 4.Nf3 d6 5.d4 Nbd7 6.Nc3 Be7 7.O-O O-O 8.Rb1 Re8
9.Qc2 Bf8 10.e4 a6 11.b4 b5 12.dxe5 Nxe5 13.Nxe5 dxe5 14.cxb5 axb5 15.a4 Ba6
16.Rd1 Qc8 17.Bg5 Be7 18.Qb3 Qe6 19.axb5 Qxb3 20.Rxb3 Bxb5 21.Rbb1 Red8 22.Rxd8+ Rxd8
23.Bf1 Bxf1 24.Kxf1 h6 25.Bxf6 Bxf6 26.b5  1/2-1/2

[Event "New York m blitz"]
[Site "New York"]
[Date "1991.??.??"]
[Round "?"]
[White "Dzindzichashvili, Roman"]
[Black "Tal, Mihail"]
[Result "1/2-1/2"]
[WhiteElo "2555"]
[BlackElo "2565"]

1.e4 c5 2.Nc3 Nc6 3.f4 g6 4.Nf3 Bg7 5.d3 d6 6.g3 Nf6 7.Bg2 O-O 8.O-O Ne8
9.a3 Rb8 10.Rb1 b5 11.Bd2 a5 12.a4 b4 13.Nb5 Nd4 14.c4 bxc3 15.bxc3 Nxb5
16.axb5 c4 17.dxc4 Be6 18.c5 Bc4 19.Nd4 Bxd4+ 20.cxd4 dxc5 21.d5 f5 22.e5 Qd7
23.Bxa5 Nc7 24.d6 exd6 25.Bxc7 Qxc7 26.Bd5+ Bxd5 27.Qxd5+ Qf7 28.Qxd6 Rfd8
29.Qxc5 Rbc8 30.Qf2 Rd7 31.b6 Rcd8 32.Rfc1 Rd2 33.Qxd2 Rxd2 34.b7 Qd5 35.b8=Q+ Kg7
36.Rc7+ Kh6 37.Qf8+ Kh5 38.Rxh7+ Kg4 39.Rh4+ Kf3 40.Qa3+ Rd3 41.Rf1+ Ke2
42.Qb2+ Rd2 43.Qb1 Qd4+ 44.Kh1 Qd5+  1/2-1/2

[Event "New York m blitz"]
[Site "New York"]
[Date "1991.??.??"]
[Round "?"]
[White "Dzindzichashvili, Roman"]
[Black "Tal, Mihail"]
[Result "1-0"]
[WhiteElo "2555"]
[BlackElo "2565"]

1.e4 e5 2.Nf3 Nc6 3.d4 exd4 4.Bc4 Nf6 5.e5 Ne4 6.Bd5 Nc5 7.O-O Be7 8.Re1 O-O
9.Nxd4 Nxd4 10.Qxd4 d6 11.Nc3 Ne6 12.Qe4 c6 13.exd6 Bxd6 14.Bc4 Qc7 15.Qh4 Bd7
16.Bd3 f5 17.Bc4 Rae8 18.Bd2 b5 19.Bb3 Kh8 20.Rad1 Nc5 21.h3 b4 22.Rxe8 Rxe8
23.Qxb4 Ne4 24.Qc4 Be6 25.Qd3 Bxb3 26.Nxe4 Bxc2 27.Qxd6 Qc8 28.Re1 fxe4 29.Bc3 Qf5
30.Re3 Kg8 31.Rg3 g6 32.Qd4 Kf7 33.Qg7+ Ke6 34.Qxh7 g5 35.Qc7  1-0

[Event "New York op"]
[Site "New York"]
[Date "1991.??.??"]
[Round "1"]
[White "McCarthy, Brian"]
[Black "Dzindzichashvili, Roman"]
[Result "1/2-1/2"]
[WhiteElo "2250"]
[BlackElo "2555"]

1.e4 c5 2.Nf3 d6 3.d4 cxd4 4.Nxd4 Nf6 5.Nc3 Nc6 6.Be2 e6 7.O-O Be7 8.Kh1 O-O
9.f4 a6 10.a4 Bd7 11.Be3 Nxd4 12.Qxd4 Bc6 13.Bd3 Nd7 14.Nd5 exd5 15.exd5 Bxa4
16.Qxa4 Bf6 17.Qb4 Re8 18.Bg1 Qc7 19.c4 Nc5 20.Bxc5 dxc5 21.Qd2 Qb6 22.Rab1 Bd4
23.Rfe1 g6 24.f5 Kg7 25.fxg6 hxg6 26.b4 cxb4 27.Rxb4 Qc7 28.d6 Qxd6 29.Rxb7 Qg3
30.Rf1 Rh8 31.Rfxf7+ Kg8 32.Rh7 Rxh7 33.Rxh7 Qe3 34.Qxe3 Bxe3 35.Bxg6 a5
36.Re7 Bc5 37.Re8+ Rxe8 38.Bxe8 Kg7 39.h4 Bf2 40.h5 Be3 41.g4 Kf6 42.Kg2 Ke5
43.Kf3 Bc1 44.c5 Kd5 45.c6 Kd6 46.Ke4 a4 47.c7 Kxc7 48.Bxa4 Kd6 49.Kf5 Ke7
50.Kg6 Kf8 51.Bb3 Bd2 52.g5 Bxg5  1/2-1/2

[Event "New York op"]
[Site "New York"]
[Date "1991.??.??"]
[Round "2"]
[White "Dzindzichashvili, Roman"]
[Black "Weeramantry, Sunil"]
[Result "1-0"]
[WhiteElo "2555"]
[BlackElo "2255"]

1.e4 d6 2.d4 Nf6 3.Nc3 g6 4.Nf3 Bg7 5.h3 c6 6.a4 Qc7 7.Be3 Nbd7 8.Be2 O-O
9.O-O e5 10.dxe5 dxe5 11.Bc4 Nh5 12.Qd2 Nf4 13.Rfd1 Nb6 14.Bf1 Be6 15.b3 Rad8
16.Qe1 h6 17.a5 Nc8 18.Na4 b6 19.axb6 axb6 20.Rxd8 Rxd8 21.Rd1 g5 22.Rxd8+ Qxd8
23.Qd2 Qc7 24.Qc3 c5 25.Nd2 Qe7 26.f3 h5 27.Qa1 g4 28.hxg4 hxg4 29.Qe1 Qg5
30.g3 gxf3 31.Nxf3 Qg4 32.Nh2 Nh3+ 33.Bxh3 Qxh3 34.Bf2 f5 35.Qd2 fxe4 36.Nc3 e3
37.Qxe3 Nd6 38.Qd3 e4 39.Qxd6 Bxc3 40.Nf1 e3 41.Bxe3 Bf5 42.Qd8+ Kf7 43.Qd5+ Kg7
44.Qf3 Bxc2 45.Bxc5 Ba5 46.Bd4+ Kg6 47.Qc6+  1-0

[Event "New York op"]
[Site "New York"]
[Date "1991.??.??"]
[Round "3"]
[White "Zlotnikov, Mikhail"]
[Black "Dzindzichashvili, Roman"]
[Result "0-1"]
[WhiteElo "2330"]
[BlackElo "2555"]

1.c4 g6 2.Nc3 Bg7 3.e4 c5 4.g3 Nc6 5.Bg2 Nf6 6.Nge2 O-O 7.O-O Ne8 8.d3 Nc7
9.Be3 Ne6 10.Qd2 Ned4 11.Bh6 d6 12.Bxg7 Kxg7 13.Nxd4 cxd4 14.Ne2 e5 15.b4 f6
16.a3 Bd7 17.f4 Ne7 18.Rac1 Rc8 19.c5 dxc5 20.fxe5 fxe5 21.Qg5 Rxf1+ 22.Bxf1 Nc6
23.Qxd8 Nxd8 24.bxc5 Ne6 25.Bh3 Rxc5 26.Rxc5 Nxc5 27.Bxd7 Nxd7 28.Kf2 Nc5
29.Nc1 Kf6  0-1

[Event "New York op"]
[Site "New York"]
[Date "1991.??.??"]
[Round "4"]
[White "Dzindzichashvili, Roman"]
[Black "Sherzer, Alex"]
[Result "1/2-1/2"]
[WhiteElo "2555"]
[BlackElo "2435"]

1.c4 e5 2.Nc3 Bb4 3.Nf3 Bxc3 4.bxc3 e4 5.Nd4 Nc6 6.Nf5 Qf6 7.Ne3 Nge7 8.g3 O-O
9.Bg2 Qg6 10.O-O d6 11.d3 exd3 12.exd3 Ne5 13.d4 Ng4 14.Re1 Nxe3 15.Bxe3 Rb8
16.Bf4 Qf6 17.c5 Ng6 18.cxd6 cxd6 19.Be3 b5 20.a4 a6 21.axb5 axb5 22.Qb3 h6
23.Qb4 Rd8 24.Ra7 Bg4 25.Ra5 Bd7 26.Ra6 Bc8 27.Ra5 Bd7 28.Rea1 Ne7 29.Ra6 Bc8
30.Ra8 Bd7 31.Rxb8 Rxb8 32.Bf4 Nf5 33.Ra7 Qe6 34.Qb1 Re8 35.h4 b4 36.d5 Qe1+
37.Qxe1 Rxe1+ 38.Kh2 b3 39.Rxd7 g5 40.hxg5 hxg5 41.Be3 Nxe3 42.fxe3 b2 43.Be4 Rxe3
44.Bf5 Re5 45.Bb1 Re1 46.Bf5  1/2-1/2

[Event "New York op"]
[Site "New York"]
[Date "1991.??.??"]
[Round "5"]
[White "Wedberg, Tom"]
[Black "Dzindzichashvili, Roman"]
[Result "1-0"]
[WhiteElo "2465"]
[BlackElo "2555"]

1.e4 c5 2.Nf3 e6 3.d4 cxd4 4.Nxd4 a6 5.Bd3 b5 6.O-O Bb7 7.a4 b4 8.Nd2 Ne7
9.f4 Nec6 10.N4f3 d6 11.Qe1 Nd7 12.Qg3 h5 13.b3 h4 14.Qh3 Nc5 15.Bb2 e5 16.Bc4 Bc8
17.g4 exf4 18.Bd5 Bd7 19.Nc4 Be7 20.Qg2 Rc8 21.h3 O-O 22.Rad1 Na5 23.Nxa5 Qxa5
24.g5 Be6 25.Nxh4 Qd8 26.Rxf4 Bxg5 27.Nf5 Bxd5 28.Rxd5 Ne6 29.Rg4 g6 30.Rxd6 gxf5
31.exf5 Rxc2  1-0

[Event "Philadelphia World op"]
[Site "Philadelphia"]
[Date "1991.??.??"]
[Round "1"]
[White "Friedman, Edward"]
[Black "Dzindzichashvili, Roman"]
[Result "0-1"]
[WhiteElo "2300"]
[BlackElo "2555"]

1.e4 d6 2.d4 Nf6 3.Nc3 g6 4.f3 c6 5.Be3 Nbd7 6.Qd2 b5 7.Bd3 Bg7 8.Nge2 a6
9.a4 b4 10.Nd1 a5 11.O-O O-O 12.c4 c5 13.Nf2 cxd4 14.Bxd4 Nc5 15.Bxc5 dxc5
16.e5 Nd7 17.Be4 Ra6 18.f4 f6 19.e6 Nb6 20.Qxd8 Rxd8 21.f5 gxf5 22.Bxf5 Nxc4
23.Bd3 Ne3 24.Bxa6 Bxa6 25.Rfe1 Nc2 26.Rad1 Rc8 27.Nf4 Nxe1 28.Rxe1 Rd8 29.Ne4 f5
30.Ng5 Bd4+ 31.Kh1 Be3 32.Nf7 Rd2 33.Nh3 Re2 34.Rxe2 Bxe2 35.Ng1 Bxg1 36.Kxg1 c4
37.Nh6+ Kf8 38.Nxf5 c3 39.bxc3 b3 40.Nd4 b2  0-1

[Event "St Martin op"]
[Site "St Martin"]
[Date "1991.??.??"]
[Round "2"]
[White "Herzog, Guy"]
[Black "Dzindzichashvili, Roman"]
[Result "0-1"]
[WhiteElo "2275"]
[BlackElo "2555"]

1.d4 Nf6 2.c4 c5 3.d5 g6 4.Nc3 Bg7 5.e4 d6 6.f4 O-O 7.Nf3 b5 8.cxb5 a6 9.bxa6 Qa5
10.Bd2 Nbd7 11.Qc2 Bxa6 12.Nb5 Qb6 13.a4 c4 14.Bxc4 Ng4 15.Rf1 Rfc8 16.Rc1 Bxb5
17.axb5 Ne3 18.Bxe3 Qxe3+ 19.Kd1 Qxf4 20.b3 Bh6 21.Qd2 Nf6 22.Qxf4 Bxf4 23.Nd2 Bxd2
24.Kxd2 Ra2+ 25.Ke3 Rxg2 26.Be2 Rb8 27.h3 Rh2 28.Rh1 Rxe2+ 29.Kxe2 Rxb5 30.Rc4 Rxb3
31.h4 Kg7 32.Rf1 Ng4 33.Rf4 Rb2+  0-1

[Event "St Martin op"]
[Site "St Martin"]
[Date "1991.??.??"]
[Round "3"]
[White "Dzindzichashvili, Roman"]
[Black "Henao, Raul Fernando"]
[Result "1-0"]
[WhiteElo "2555"]
[BlackElo "2380"]

1.c4 Nf6 2.Nc3 e5 3.Nf3 Nc6 4.d3 d6 5.g3 g6 6.Bg2 Bg7 7.O-O O-O 8.Rb1 a5
9.a3 h6 10.b4 axb4 11.axb4 Be6 12.b5 Ne7 13.Bb2 Qd7 14.Ra1 Bh3 15.Rxa8 Rxa8
16.Qb3 Bxg2 17.Kxg2 Qe6 18.Nd2 Nd7 19.Ra1 Rxa1 20.Bxa1 Nc5 21.Qa2 Qc8 22.Nde4 Nxe4
23.Nxe4 b6 24.Qa7 d5 25.cxd5 Nxd5 26.Qa4 Qd7 27.Nd2 Ne7 28.Nf3 Qd5 29.e4 Qxd3
30.Nxe5 Qb1 31.Bc3 f5 32.Qc4+ Kh7 33.Qf7 Qc2 34.Bd4  1-0

[Event "St Martin op"]
[Site "St Martin"]
[Date "1991.??.??"]
[Round "4"]
[White "Motwani, Paul"]
[Black "Dzindzichashvili, Roman"]
[Result "1/2-1/2"]
[WhiteElo "2425"]
[BlackElo "2555"]

1.e4 c5 2.g3 Nc6 3.Bg2 g6 4.f4 Bg7 5.Nf3 d6 6.O-O f5 7.d3 Nf6 8.Qe2 O-O 9.Na3 Rb8
10.c3 Bd7  1/2-1/2

[Event "St Martin op"]
[Site "St Martin"]
[Date "1991.??.??"]
[Round "5"]
[White "Dzindzichashvili, Roman"]
[Black "Browne, Walter S"]
[Result "0-1"]
[WhiteElo "2555"]
[BlackElo "2520"]

1.Nf3 c5 2.c4 Nf6 3.d4 cxd4 4.Nxd4 e6 5.g3 Qc7 6.Nc3 a6 7.Bg5 Qxc4 8.Bxf6 gxf6
9.Bg2 Nc6 10.Nxc6 bxc6 11.O-O Be7 12.Rc1 Qb4 13.Qd2 Rb8 14.b3 h5 15.Qe3 h4
16.Na4 hxg3 17.hxg3 Rb5 18.Rc4 Qa5 19.Rd1 Kf8 20.Qa7 f5 21.Nc3 Rb4 22.Qd4 e5
23.Qd3 Rxc4 24.Qxc4 Rh6 25.Nd5 Qc5 26.Ne3 d5 27.Qd3 Rf6 28.Qd2 Be6 29.Rc1 Qd6
30.Qc2 f4 31.Qh7 Rg6 32.Qh8+ Rg8 33.Qh6+ Rg7 34.gxf4 exf4 35.Nc2 f3 36.Qh8+ Rg8
37.Qh6+ Rg7 38.Qh8+ Rg8 39.Qh6+ Ke8 40.exf3 Qe5 41.Re1 Qc3 42.Re2  0-1

[Event "St Martin op"]
[Site "St Martin"]
[Date "1991.??.??"]
[Round "9"]
[White "Petursson, Margeir"]
[Black "Dzindzichashvili, Roman"]
[Result "1/2-1/2"]
[WhiteElo "2515"]
[BlackElo "2555"]

1.d4 d6 2.e4 Nf6 3.Nc3 g6 4.Nf3 Bg7 5.Be2 O-O 6.O-O c6 7.a4 Qc7 8.a5 e5 9.dxe5 dxe5
10.Be3 Rd8 11.Qb1 Nbd7  1/2-1/2

[Event "Chicago Masters"]
[Site "Chicago"]
[Date "1992.??.??"]
[Round "?"]
[White "Ivanov, Alexander V"]
[Black "Dzindzichashvili, Roman"]
[Result "1/2-1/2"]
[WhiteElo "2555"]
[BlackElo "2560"]

1.e4 d6 2.d4 Nf6 3.Nc3 g6 4.Be3 c6 5.Qd2 b5 6.Bd3 Nbd7 7.Nf3 Bg7 8.Bh6 O-O
9.Bxg7 Kxg7 10.e5 dxe5 11.dxe5 Ng4 12.e6 Nde5 13.Nxe5 Nxe5 14.exf7 Bf5 15.Rd1 Nxd3+
16.cxd3 Qd4 17.Ne2 Qf6  1/2-1/2

[Event "Chicago Masters"]
[Site "Chicago"]
[Date "1992.??.??"]
[Round "?"]
[White "Dzindzichashvili, Roman"]
[Black "Burnett, Kevin"]
[Result "1-0"]
[WhiteElo "2560"]
[BlackElo "2290"]

1.c4 g6 2.d4 Bg7 3.Nf3 c5 4.e4 Nc6 5.d5 Nd4 6.Nxd4 Bxd4 7.Bd3 a6 8.O-O e6
9.Nd2 d6 10.Rb1 Ne7 11.Nf3 Bg7 12.b4 cxb4 13.Rxb4 exd5 14.cxd5 b5 15.a4 bxa4
16.Qxa4+ Bd7 17.Qa3 O-O 18.Bf4 Bb5 19.Bxb5 axb5 20.Qb3 h6 21.Nd4 Bxd4 22.Rxd4 g5
23.Bg3 Qb6 24.Rb4 Ra5 25.h4 Rfa8 26.hxg5 hxg5 27.Rb1 Ng6 28.Rxb5 Rxb5 29.Qxb5 Qxb5
30.Rxb5 Rd8 31.Rb6 Nf4 32.Bxf4 gxf4 33.Kf1 Re8 34.f3 Rd8 35.Kf2 Kg7 36.g3 fxg3+
37.Kxg3 f5 38.Kf4 Kg6 39.Ra6 Rd7 40.Ra8 Rb7 41.Rg8+ Kf7 42.Rd8 Ke7 43.Ra8 Rb3
44.Ra7+ Ke8 45.Kg5 Re3 46.Rb7 Ra3 47.f4 Re3 48.Kxf5 Re1 49.Rh7 Re2 50.Rh6 Ke7
51.Rf6 Rxe4 52.Kxe4 Kxf6 53.Ke3 Kg6 54.Kf2 Kh6 55.Kg3 Kh5 56.Kh3 Kg6 57.Kg4 Kf6
58.f5  1-0

[Event "Chicago opI"]
[Site "Chicago"]
[Date "1992.??.??"]
[Round "3"]
[White "Panchenko, Alexandar G"]
[Black "Dzindzichashvili, Roman"]
[Result "1/2-1/2"]
[WhiteElo "2470"]
[BlackElo "2560"]

1.Nf3 d6 2.d4 Nf6 3.g3 g6 4.b3 c5 5.Bb2 cxd4 6.Nxd4 Nc6 7.Bg2 Bd7 8.c4 Bg7
9.Nc3 O-O 10.O-O Qa5 11.e3 a6 12.Re1 Rfc8 13.Rc1 Rab8 14.a3 Bg4 15.Qd2 Qh5
16.Nd5 Nxd5 17.Bxd5 Nxd4 18.Bxd4 Bf3 19.Bxf3 Qxf3 20.Qd1 Qxd1 21.Rexd1 b5
22.Bxg7 Kxg7 23.cxb5 Rxc1 24.Rxc1 Rxb5 25.b4 a5 26.Rb1 Kf6 27.Kf1 axb4 28.axb4 Ke6
29.Ke2 Kd5 30.Kd3 Rb7 31.e4+ Kc6 32.Kc4 Ra7 33.Kb3 Kb5 34.Rd1 f6 35.h4 h5  1/2-1/2

[Event "Chicago opI"]
[Site "Chicago"]
[Date "1992.??.??"]
[Round "4"]
[White "Dzindzichashvili, Roman"]
[Black "Gurevich, Dmitry"]
[Result "1/2-1/2"]
[WhiteElo "2560"]
[BlackElo "2515"]

1.Nf3 Nf6 2.g3 g6 3.Bg2 Bg7 4.d4 d5 5.O-O O-O 6.c4 c6 7.cxd5 cxd5 8.Ne5 Ne4
9.Nc3 Nxc3 10.bxc3 Nd7 11.Nxd7 Qxd7 12.Qb3 Rd8 13.e4 dxe4 14.Bxe4 e5 15.d5 b6
16.c4 Ba6 17.Bd2 Rac8 18.Rfc1 Rc7 19.Rc2 f5 20.Bg2 e4 21.Rac1 Bd4 22.Bf4 Rc5
23.a4 Qg7 24.h4 h6 25.Rd1 g5 26.hxg5 hxg5 27.Be3 Bxe3 28.Qxe3 Rxc4 29.Rxc4 Bxc4
30.Bf1 Bxf1 31.Kxf1 Qf6 32.d6 Rxd6 33.Rxd6 Qxd6 34.Qxg5+ Kh8  1/2-1/2

[Event "Chicago opI"]
[Site "Chicago"]
[Date "1992.??.??"]
[Round "6"]
[White "Dzindzichashvili, Roman"]
[Black "Sherzer, Alex"]
[Result "1-0"]
[WhiteElo "2560"]
[BlackElo "2460"]

1.Nf3 Nf6 2.g3 g6 3.Bg2 Bg7 4.O-O O-O 5.c4 d6 6.Nc3 e5 7.d3 c6 8.e4 Bg4 9.h3 Bxf3
10.Qxf3 h6 11.Qe2 c5 12.f4 Nh5 13.Qf2 exf4 14.gxf4 Nc6 15.Be3 f5 16.Bf3 Nxf4
17.Qg3 Nxd3 18.exf5 g5 19.Bd5+ Kh8 20.Ne4 Be5 21.Qf3 Bf4 22.Bxc6 bxc6 23.Rad1 Ne5
24.Qe2 Rxf5 25.Rxd6 Qe7 26.Bxc5 Qg7 27.Bd4 Raf8 28.Kg2 Kg8 29.Ng3 c5 30.Nxf5 Qb7+
31.Kg1 Rxf5 32.Rd8+ Kh7 33.Qc2 Bh2+ 34.Kxh2 Nf3+ 35.Rxf3 Qxf3 36.Bxc5  1-0

[Event "Las Vegas op"]
[Site "Las Vegas"]
[Date "1992.??.??"]
[Round "?"]
[White "Dzindzichashvili, Roman"]
[Black "Browne, Walter S"]
[Result "1-0"]
[WhiteElo "2560"]
[BlackElo "2530"]

1.Nf3 c5 2.g3 Nf6 3.Bg2 Nc6 4.O-O e6 5.c4 Be7 6.d4 cxd4 7.Nxd4 O-O 8.Nc3 a6
9.Bf4 Nxd4 10.Qxd4 d6 11.Qd3 Qc7 12.Rfd1 Rd8 13.Ne4 Nxe4 14.Bxe4 h6 15.Rac1 g5
16.Be3 Bd7 17.Qb3 Rdb8 18.Bb6 Qc8 19.Qd3 Bc6 20.b3 a5 21.Bh7+ Kg7 22.Bd4+ Kf8
23.Be4 f5 24.Bxc6 Qxc6 25.Bb2 a4 26.b4 Kf7 27.b5 Qe4 28.Qc3 f4 29.Qg7+ Ke8
30.c5 Bf8 31.Qg8 dxc5 32.Bg7 Ke7 33.Bxf8+ Rxf8 34.Qg7+ Rf7 35.Rd7+ Kxd7 36.Qxf7+ Kd6
37.Rd1+ Ke5 38.Qg7+ Kf5 39.g4+  1-0

[Event "New York Marshall"]
[Site "New York"]
[Date "1992.??.??"]
[Round "?"]
[White "Shure, Gary"]
[Black "Dzindzichashvili, Roman"]
[Result "0-1"]
[WhiteElo "2245"]
[BlackElo "2560"]

1.d4 g6 2.e4 d6 3.Nc3 Nf6 4.f4 Bg7 5.Nf3 c5 6.dxc5 Qa5 7.Bd3 Qxc5 8.Qe2 O-O
9.Be3 Qa5 10.O-O Bg4 11.h3 Bxf3 12.Qxf3 Nc6 13.Rad1 Nd7 14.e5 dxe5 15.Be4 exf4
16.Bxc6 Ne5 17.Qxf4 bxc6 18.Kh1 f6 19.Bd4 Nf7 20.Qe3 e5 21.Bc5 Rfd8 22.Rxd8+ Qxd8
23.Bxa7 f5 24.Rd1 Qe8 25.Qb6 Qe7 26.Bb8 e4 27.Bf4 Rc8 28.a4 g5 29.Be3 f4
30.Bc5 Qe6 31.Nd5 Kh8 32.Bd4 e3 33.Bxg7+ Kxg7 34.Qd4+ Kh6 35.Nb6 Rd8  0-1

[Event "New York op"]
[Site "New York"]
[Date "1992.??.??"]
[Round "3"]
[White "Dzindzichashvili, Roman"]
[Black "Arnason, Jon L"]
[Result "1/2-1/2"]
[WhiteElo "2560"]
[BlackElo "2515"]

1.Nf3 c5 2.g3 Nc6 3.Bg2 g6 4.O-O Bg7 5.d3 e6 6.e4 Nge7 7.Re1 d5 8.Nbd2 b6
9.exd5 exd5 10.d4 Bf5 11.dxc5 Nb4 12.Nb3 Nxc2 13.Nfd4 Nxe1 14.Nxf5 Nxf5 15.Qxe1+ Kf8
16.Bf4 bxc5 17.Nxc5 Rc8 18.Nd3 Bf6 19.Bh3 Qd7 20.Bh6+ Kg8 21.Qd2 Rd8 22.Re1 Bg7
23.Bf4 h5 24.b4 Nd4 25.Bxd7 Nf3+ 26.Kg2 Nxd2 27.Nc5 Ne4 28.Ba4 Bc3 29.Rd1 Kh7
30.Nb7 Rc8 31.Rxd5 Nf6 32.Rd3 Bxb4 33.Be5 Ng4 34.Bxh8 Kxh8 35.Nd6 Rf8 36.Bb3 Ne5
37.Rd4 Nc6 38.Nxf7+ Rxf7 39.Rxb4 Rxf2+ 40.Kxf2 Nxb4 41.Ke3 Kg7 42.Kd4 Kf6
43.Kc4 Nc6 44.Kb5 Nb8 45.Kc5 Ke5 46.Bf7 Kf6 47.Bc4 Nd7+ 48.Kd6 Ne5 49.Be2 Kf5
50.a4 a5 51.Kd5 Ng4 52.Kc5 Ne3 53.Kb5 Nd5 54.Bf3 Nc3+ 55.Kxa5 Ke5 56.Bc6 Kf5
57.Bf3 Ke5 58.Kb4 Nxa4 59.Kxa4 Kd4 60.Bc6 Ke3 61.Be8 h4 62.g4 Kf3 63.Kb4 h3
64.Bd7 Kg2 65.Kc4 Kxh2 66.Kd4 Kg3  1/2-1/2

[Event "New York Reshevsky"]
[Site "New York"]
[Date "1992.??.??"]
[Round "5"]
[White "Dzindzichashvili, Roman"]
[Black "Wolff, Patrick G"]
[Result "1/2-1/2"]
[WhiteElo "2565"]
[BlackElo "2590"]

1.Nf3 c5 2.g3 Nc6 3.Bg2 g6 4.O-O Bg7 5.d3 d6 6.e4 e5 7.a3 Nge7 8.b4 O-O 9.c3 Qd7
10.b5 Nd8 11.a4 a6 12.Na3 axb5 13.axb5 Ne6 14.Be3 b6 15.Nc4 Rxa1 16.Qxa1 Qc7
17.Ng5 h6 18.Nxe6 Bxe6 19.Qa6 Rb8 20.Bd2 f5 21.Ne3 f4 22.Nc4 g5 23.Ra1 Kf7
24.Qa7 Qxa7 25.Rxa7 Kf6 26.Bf1 Nc8 27.Ra6 Ke7 28.Be2 Bd7 29.Na3 Rb7 30.Kg2 Ra7
31.Rxa7 Nxa7 32.c4 Nc8 33.h3 Bf6 34.Nb1 Kf7 35.Bh5+ Kg7 36.Nc3 Bd8 37.h4 Ne7  1/2-1/2

[Event "Philadelphia opI"]
[Site "Philadelphia"]
[Date "1992.??.??"]
[Round "3"]
[White "Kudrin, Sergey"]
[Black "Dzindzichashvili, Roman"]
[Result "0-1"]
[WhiteElo "2550"]
[BlackElo "2560"]

1.e4 c5 2.Nf3 e6 3.d4 cxd4 4.Nxd4 a6 5.Bd3 Nf6 6.O-O Qc7 7.Qe2 d6 8.Kh1 Be7
9.f4 Nbd7 10.c4 b6 11.Nc3 Bb7 12.Bd2 O-O 13.Rae1 Rfd8 14.Nf3 g6 15.Ng5 h6
16.Nf3 Bf8 17.Rc1 Bg7 18.Bb1 Rac8 19.b3 Qb8 20.Nd1 b5 21.cxb5 Rxc1 22.Bxc1 axb5
23.Nf2 b4 24.Rd1 Nc5 25.Qe1 d5 26.e5 Nfe4 27.Bb2 Rc8 28.Bd4 Nc3 29.Bxc3 bxc3
30.Nd4 Ne4 31.Nxe4 dxe4 32.Rc1 Bf8 33.Bxe4 Bxe4 34.Qxe4 Qa7 35.a4 Qb6 36.Nb5 Qf2
37.h3 c2 38.Qd3 Qxf4 39.Rxc2 Rxc2 40.Qxc2 Qxe5 41.Qc7 Qe1+ 42.Kh2 Bg7 43.Qd8+ Kh7
44.g4 Qf2+ 45.Kh1 Qf1+  0-1